000 00381nam a22001457a 4500
003 MACL
005 20190403154030.0
008 190403b xxu||||| |||| 00| 0 eng d
040 _cMACL
100 _aVaswani J P
_935707
245 _aSpirituality in Daily Life : Experiencinf Fod Every Day
260 _aBhopal
_bManjul Pub
_c2012
650 _aMotivation
_917135
942 _2ddc
_cBK
999 _c59244
_d59244